000 00345pam a2200145 a 4500
020 _a81-7319-269-3
_c
040 _aMMSN_627012
041 _h
100 _aJoseph A., Gallian
245 _aContemporary Abstract Algebra
_hPaper
250 _a4th ed
260 _aNew Delhi
_bNarosa Publishing House
_c1999
365 _aRS.:250
930 _a8901
999 _c85807
_d85807